[Event "Victoria Grand Pacific op 17th"]
[Site "Victoria"]
[Date "2024.03.30"]
[Round "2"]
[White "Reeve, Jeff"]
[Black "Currie, James"]
[Result "1-0"]
[WhiteElo "2232"]
[BlackElo "1994"]
[PlyCount "73"]
[EventDate "2024.03.29"]
[EventType "swiss"]
[EventRounds "6"]
[EventCountry "CAN"]
[SourceTitle "CB16_2024"]
[SourceDate "2024.04.17"]
[SourceVersion "1"]
[SourceVersionDate "2024.04.17"]
[SourceQuality "1"]

1. e4 d5 2. exd5 Nf6 3. d4 Nxd5 4. c4 Nb4 5. a3 N4a6 6. Nf3 g6 7. Be2 Bg7 8. h3 Nd7 9. 0-0 0-0 10. Nc3 c6 11. Re1 Nc7 12. Bf1 Nf6 13. Be3 Ne6 14. Qd2 Qc7 15. Bh6 Nh5 16. Bxg7 Kxg7 17. g3 Nf6 18. Rad1 Re8 19. d5 Nf8 20. Ne5 N8d7 21. f4 Nh5 22. Kh2 Kg8 23. Bg2 Nb8 24. b4 Nf6 25. b5 cxd5 26. Nxd5 Nxd5 27. Bxd5 e6 28. Bg2 f6 29. Ng4 Qg7 30. c5 h5 31. Ne3 a6 32. a4 axb5 33. axb5 Qc7 34. Nd5 Qf7 35. Nb6 Ra7 36. Qd6 Bd7 37. Nxd7 1-0

[Event "Victoria Grand Pacific op"]
[Site "Victoria"]
[Date "2023.04.09"]
[Round "4"]
[White "Leong, Aiden"]
[Black "Reeve, Jeff"]
[Result "0-1"]
[WhiteElo "1686"]
[BlackElo "2162"]
[PlyCount "66"]
[EventDate "2023.04.07"]
[EventType "swiss"]
[EventRounds "6"]
[EventCountry "CAN"]
[SourceTitle "CBM 213 Extra"]
[Source "ChessBase"]
[SourceDate "2023.05.31"]
[SourceVersion "1"]
[SourceVersionDate "2023.05.31"]
[SourceQuality "1"]

1. Nf3 Nf6 2. g3 g6 3. b3 Bg7 4. Bb2 d6 5. d4 c5 6. Bg2 cxd4 7. Nxd4 d5 8. 0-0 0-0 9. Nd2 e5 10. N4f3 e4 11. Nd4 h5 12. h3 Re8 13. e3 Nc6 14. Qe2 Ne5 15. Rfd1 b6 16. a4 a5 17. Bf1 h4 18. g4 Nfxg4 19. hxg4 Bxg4 20. f3 Bxf3 21. N2xf3 exf3 22. Qf2 Qg5+ 23. Kh1 Qg3 24. Rd2 Ng4 25. Qxg3 hxg3 26. Bb5 Re5 27. c4 Rh5+ 28. Kg1 f2+ 29. Kf1 Rh1+ 30. Ke2 g2 31. Rdd1 Rxd1 32. Rxd1 g1Q 33. Rxg1 fxg1Q 0-1

[Event "Edmonton-ch"]
[Site "Edmonton"]
[Date "2019.01.31"]
[Round "2.2"]
[White "Reeve, Jeff"]
[Black "Ivanescu, Mark"]
[Result "1-0"]
[WhiteElo "2258"]
[BlackElo "2040"]
[PlyCount "41"]
[EventDate "2019.01.10"]
[EventType "swiss"]
[EventRounds "4"]
[EventCountry "CAN"]
[SourceTitle "EXT 2022"]
[Source "ChessBase"]
[SourceDate "2021.10.06"]
[SourceVersion "1"]
[SourceVersionDate "2021.10.06"]
[SourceQuality "1"]

1. e4 e6 2. d4 d5 3. Nc3 dxe4 4. Nxe4 Bd7 5. Nf3 Bc6 6. Bd3 Nd7 7. c3 Ngf6 8. Nxf6+ Nxf6 9. Bf4 Bd6 10. Ne5 Bxg2 11. Rg1 Be4 12. Rxg7 Bxe5 13. Bxe5 Bxd3 14. Qxd3 Kf8 15. Rg3 Rg8 16. Rxg8+ Nxg8 17. Qg3 c6 18. 0-0-0 f6 19. Rg1 fxe5 20. Qxg8+ Ke7 21. Qg7+ 1-0

[Event "Edmonton-ch"]
[Site "Edmonton"]
[Date "2019.01.10"]
[Round "1.1"]
[White "Reeve, Jeff"]
[Black "Paydari, Mojtaba"]
[Result "1-0"]
[WhiteElo "2258"]
[BlackElo "1769"]
[PlyCount "101"]
[EventDate "2019.01.10"]
[EventType "swiss"]
[EventRounds "4"]
[EventCountry "CAN"]
[SourceTitle "EXT 2022"]
[Source "ChessBase"]
[SourceDate "2021.10.06"]
[SourceVersion "1"]
[SourceVersionDate "2021.10.06"]
[SourceQuality "1"]

1. e4 e6 2. d3 d5 3. Qe2 Be7 4. Nf3 b6 5. g3 Bb7 6. Bg2 dxe4 7. dxe4 Nf6 8. e5 Nfd7 9. 0-0 0-0 10. Rd1 c5 11. Nc3 a6 12. Bf4 Qc7 13. Ne4 Bxe4 14. Qxe4 Ra7 15. h4 Rd8 16. h5 Nf8 17. h6 Ng6 18. hxg7 Kxg7 19. Qe3 Nc6 20. c3 Nxf4 21. Qxf4 h6 22. Bf1 Rh8 23. Rd2 b5 24. Rad1 Rd8 25. Rxd8 Bxd8 26. Bd3 f5 27. exf6+ Bxf6 28. Qg4+ Kf7 29. Qg6+ Ke7 30. Qh7+ Kf8 31. Qxh6+ Qg7 32. Qe3 Qe7 33. Be4 Nd8 34. Qh6+ Bg7 35. Qf4+ Kg8 36. Kg2 Rd7 37. Rh1 Qf6 38. Bh7+ Kf8 39. Ne5 Rd5 40. Ng6+ Ke8 41. Qe3 Nf7 42. Nf4 Re5 43. Qf3 Kd7 44. Be4 Nd8 45. Rd1+ Ke8 46. Bg6+ Ke7 47. Qa8 Qf8 48. Qxa6 Kf6 49. Bc2 c4 50. Qb6 Nf7 51. Nd5+ 1-0

[Event "Edmonton 12th"]
[Site "Edmonton"]
[Date "2017.06.22"]
[Round "4"]
[White "Ng, Gary"]
[Black "Reeve, Jeff"]
[Result "1-0"]
[WhiteElo "2221"]
[BlackElo "2227"]
[PlyCount "91"]
[EventDate "2017.06.20"]
[EventType "swiss"]
[EventRounds "9"]
[EventCountry "CAN"]
[SourceTitle "EXT 2019"]
[Source "ChessBase"]
[SourceDate "2018.10.10"]
[SourceVersion "1"]
[SourceVersionDate "2018.10.10"]
[SourceQuality "1"]

1. Nf3 Nf6 2. g3 g6 3. b3 Bg7 4. Bb2 0-0 5. Bg2 d6 6. d4 Nbd7 7. 0-0 e5 8. dxe5 Ng4 9. Qd2 Ngxe5 10. Nxe5 Nxe5 11. c4 Rb8 12. Nc3 f5 13. Rad1 Be6 14. Nd5 Bxd5 15. Qxd5+ Kh8 16. c5 c6 17. Qxd6 Nf3+ 18. Bxf3 Bxb2 19. Rd2 Qf6 20. Rfd1 Be5 21. Qxf6+ Bxf6 22. Rd7 Kg8 23. Rc7 Bd8 24. Rcd7 Bf6 25. g4 f4 26. b4 a6 27. a4 Rbd8 28. b5 axb5 29. axb5 Rxd7 30. Rxd7 Rf7 31. bxc6 bxc6 32. Rd6 Be5 33. Re6 Bd4 34. Rxc6 Kg7 35. Rc8 Rf8 36. Rxf8 Kxf8 37. c6 Bb6 38. Be4 g5 39. Bxh7 Kg7 40. Bf5 Kf6 41. Kg2 Ke5 42. Kf3 Bd8 43. Bd7 Bb6 44. h4 gxh4 45. g5 Kd6 46. g6 1-0

[Event "Edmonton 12th"]
[Site "Edmonton"]
[Date "2017.06.20"]
[Round "1"]
[White "Reeve, Jeff"]
[Black "Shabalov, Alexander"]
[Result "0-1"]
[WhiteElo "2227"]
[BlackElo "2556"]
[PlyCount "80"]
[EventDate "2017.06.20"]
[EventType "swiss"]
[EventRounds "9"]
[EventCountry "CAN"]
[SourceTitle "EXT 2019"]
[Source "ChessBase"]
[SourceDate "2018.10.10"]
[SourceVersion "1"]
[SourceVersionDate "2018.10.10"]
[SourceQuality "1"]

1. e4 c5 2. Nf3 d6 3. d4 cxd4 4. Nxd4 Nf6 5. Nc3 g6 6. Be2 Bg7 7. 0-0 0-0 8. Bg5 Nc6 9. Nb3 a6 10. f4 b5 11. Bf3 Bb7 12. Kh1 Nd7 13. Qd2 Nb6 14. Nd1 Nc4 15. Qc1 Rc8 16. c3 Qb6 17. Bh4 Bh6 18. Bf2 Qc7 19. g3 f5 20. Qc2 e5 21. exf5 exf4 22. Qe4 Nd8 23. Qd3 Ne5 24. Bd5+ Kh8 25. Qe4 gxf5 26. Qg2 Bxd5 27. Qxd5 fxg3 28. Bxg3 f4 29. Bh4 Ne6 30. Nf2 Ng7 31. Nd4 Qd7 32. Ne4 Ng4 33. Qxd6 Qb7 34. Rae1 Rfe8 35. Nf3 Rxe4 36. h3 Rxe1 37. Bxe1 Nf5 38. Qe6 Nge3 39. Rf2 Bg7 40. Kh2 Ng3 0-1

[Event "Grand Pacific op 11th"]
[Site "Victoria"]
[Date "2017.04.15"]
[Round "3"]
[White "Reeve, Jeff"]
[Black "Fratila, Adela"]
[Result "0-1"]
[WhiteElo "2257"]
[BlackElo "2045"]
[PlyCount "122"]
[EventDate "2017.04.14"]
[EventType "tourn"]
[EventRounds "6"]
[EventCountry "CAN"]
[SourceTitle "CBM 178 Extra"]
[Source "ChessBase"]
[SourceDate "2017.06.22"]
[SourceVersion "1"]
[SourceVersionDate "2017.06.22"]
[SourceQuality "1"]

1. e4 e6 2. d3 b6 3. Nf3 Bb7 4. g3 d5 5. Nbd2 Nc6 6. Bg2 Qd7 7. 0-0 0-0-0 8. exd5 exd5 9. d4 f6 10. c3 g5 11. b4 h5 12. Re1 h4 13. a4 Nh6 14. Nf1 hxg3 15. fxg3 a5 16. b5 Ne7 17. Qe2 Nef5 18. Qe6 Qxe6 19. Rxe6 Rd6 20. Re2 Rd8 21. Ne3 g4 22. Ne1 Re8 23. Raa2 Nxe3 24. Bxe3 Nf5 25. Bf4 Bd6 26. Nd3 c6 27. bxc6 Bxc6 28. Rxe8+ Rxe8 29. c4 Bxf4 30. Nxf4 Nxd4 31. cxd5 Bd7 32. Kf2 Nb3 33. Bf1 Re4 34. Bb5 Nc5 35. Nh5 Bxb5 36. axb5 f5 37. Nf6 Re5 38. h4 gxh3 39. Kf3 Kd8 40. Rh2 Nd7 41. Nh5 Rxd5 42. Rxh3 Rxb5 43. Kf4 Ke7 44. Ng7 Kf6 45. Ne8+ Kg6 46. Rh1 Rb4+ 47. Kf3 Re4 48. Nd6 Re6 49. Nc8 Kg5 50. Rd1 Ne5+ 51. Kg2 Nc4 52. Rd4 b5 53. Na7 Ne3+ 54. Kf3 b4 55. Nb5 Ng4 56. Nd6 Re3+ 57. Kg2 Re2+ 58. Kg1 Ne5 59. Kf1 Re3 60. Kf2 Rf3+ 61. Kg2 Rd3 0-1

[Event "Grand Pacific op 11th"]
[Site "Victoria"]
[Date "2017.04.14"]
[Round "1"]
[White "Reeve, Jeff"]
[Black "North, Robert"]
[Result "1-0"]
[WhiteElo "2257"]
[BlackElo "2031"]
[PlyCount "73"]
[EventDate "2017.04.14"]
[EventType "tourn"]
[EventRounds "6"]
[EventCountry "CAN"]
[SourceTitle "CBM 178 Extra"]
[Source "ChessBase"]
[SourceDate "2017.06.22"]
[SourceVersion "1"]
[SourceVersionDate "2017.06.22"]
[SourceQuality "1"]

1. e4 c5 2. Nf3 e6 3. d3 Nc6 4. g3 g6 5. Bg2 Bg7 6. 0-0 Nge7 7. c3 0-0 8. Re1 d6 9. a4 Rb8 10. Qe2 b6 11. Na3 e5 12. Nc4 Ba6 13. Rb1 Bc8 14. Qc2 a6 15. Ne3 a5 16. Bd2 Kh8 17. b4 axb4 18. cxb4 f5 19. b5 fxe4 20. dxe4 Nd4 21. Nxd4 exd4 22. Nc4 d5 23. exd5 Bf5 24. Be4 Nxd5 25. a5 bxa5 26. Nxa5 Bxe4 27. Rxe4 Qf6 28. Bf4 Rbc8 29. Be5 Qf3 30. Bxg7+ Kxg7 31. Rbe1 d3 32. Qb2+ Rf6 33. Nc4 Rcf8 34. b6 Kg8 35. b7 Nb4 36. Ne5 Qf5 37. Ng4 1-0

[Event "Edmonton-ch"]
[Site "Edmonton"]
[Date "2017.01.19"]
[Round "2.1"]
[White "Reeve, Jeff"]
[Black "Briones, Dante"]
[Result "1-0"]
[WhiteElo "2310"]
[BlackElo "2004"]
[PlyCount "55"]
[EventDate "2017.01.05"]
[EventType "k.o."]
[EventRounds "4"]
[EventCountry "CAN"]
[SourceTitle "EXT 2022"]
[Source "ChessBase"]
[SourceDate "2021.10.06"]
[SourceVersion "1"]
[SourceVersionDate "2021.10.06"]
[SourceQuality "1"]

1. e4 d5 2. exd5 Nf6 3. Nf3 Nxd5 4. d4 Bg4 5. Be2 e6 6. 0-0 Nc6 7. c4 Nf6 8. Be3 h6 9. Nc3 Be7 10. Qd2 Bf5 11. d5 exd5 12. cxd5 Nb8 13. Rfd1 a6 14. Rac1 0-0 15. Nd4 Bh7 16. Bd3 Bxd3 17. Qxd3 Nxd5 18. Nf5 Nxe3 19. Qxe3 Bd6 20. Ne4 Nc6 21. Nxh6+ gxh6 22. Qxh6 f5 23. Qg6+ Kh8 24. Ng5 Qe7 25. Rc3 Qg7 26. Rh3+ Kg8 27. Qe6+ Rf7 28. Nxf7 1-0

[Event "Edmonton-ch"]
[Site "Edmonton"]
[Date "2017.01.12"]
[Round "1.2"]
[White "Reeve, Jeff"]
[Black "Pisanski, Piotr"]
[Result "1-0"]
[WhiteElo "2310"]
[BlackElo "1926"]
[PlyCount "95"]
[EventDate "2017.01.05"]
[EventType "k.o."]
[EventRounds "4"]
[EventCountry "CAN"]
[SourceTitle "EXT 2022"]
[Source "ChessBase"]
[SourceDate "2021.10.06"]
[SourceVersion "1"]
[SourceVersionDate "2021.10.06"]
[SourceQuality "1"]

1. e4 e5 2. Nf3 Nc6 3. Bb5 a6 4. Bxc6 dxc6 5. 0-0 Ne7 6. d3 Ng6 7. Be3 c5 8. Nbd2 f6 9. a4 a5 10. Qe2 Be6 11. c3 Nf4 12. Bxf4 exf4 13. d4 Qd7 14. d5 Bg4 15. Nc4 Bxf3 16. Qxf3 Bd6 17. Nxd6+ Qxd6 18. Qd3 Qa6 19. c4 Qd6 20. Rfe1 Qe5 21. Qd2 b6 22. Ra3 Rd8 23. Rf3 g6 24. Qxf4 Qxf4 25. Rxf4 Rf8 26. e5 fxe5 27. Rxe5+ Kd7 28. Rfe4 Rf7 29. Re6 Rdf8 30. f3 Rg8 31. h4 Rgf8 32. Kf2 Rg8 33. Ke3 Rgf8 34. Rg4 Rf5 35. Rge4 R5f7 36. b3 Rg8 37. Rf4 Rfg7 38. g4 Re8 39. Rxe8 Kxe8 40. Re4+ Kd7 41. Re6 g5 42. hxg5 Rxg5 43. Kf4 Rg8 44. g5 Rg6 45. Kf5 Rxe6 46. dxe6+ Ke7 47. Ke5 c6 48. f4 1-0

[Event "Edmonton-ch"]
[Site "Edmonton"]
[Date "2016.01.28"]
[Round "2.2"]
[White "Reeve, Jeff"]
[Black "Matras Clement, Agnieszka"]
[Result "1-0"]
[WhiteElo "2254"]
[BlackElo "2244"]
[PlyCount "97"]
[EventDate "2016.01.07"]
[EventType "k.o."]
[EventRounds "4"]
[EventCountry "CAN"]
[SourceTitle "EXT 2019"]
[Source "ChessBase"]
[SourceDate "2018.10.10"]
[SourceVersion "1"]
[SourceVersionDate "2018.10.10"]
[SourceQuality "1"]

1. e4 e5 2. Nf3 Nc6 3. d4 exd4 4. Nxd4 Bc5 5. Nb3 Bb6 6. Nc3 Qf6 7. Qe2 Nge7 8. Be3 0-0 9. 0-0-0 d6 10. h3 Be6 11. f4 Bxe3+ 12. Qxe3 a5 13. Bb5 Nb4 14. a3 Bxb3 15. cxb3 Na6 16. g4 c6 17. Bc4 Ng6 18. Rhf1 b5 19. g5 Qe7 20. Bd3 Nc5 21. Bc2 b4 22. axb4 axb4 23. Na4 Rfe8 24. f5 Ne5 25. f6 Qe6 26. fxg7 Rxa4 27. bxa4 Qa2 28. Qd4 Nc4 29. Rf3 Qa1+ 30. Bb1 Nxa4 31. Rxf7 Kxf7 32. Qxc4+ Kxg7 33. Qd4+ Re5 34. Rd2 Kg8 35. Qc4+ Kg7 36. Qxb4 Nc5 37. Rxd6 Qa6 38. Rd1 Qe2 39. Bc2 Qe3+ 40. Kb1 Rxg5 41. Qa5 Ne6 42. Qb4 Qc5 43. Qb7+ Kh6 44. Qf7 Qe5 45. Qf2 c5 46. Rf1 Nd4 47. h4 Rg6 48. Qf8+ Qg7 49. Qf4+ 1-0

[Event "Edmonton-ch"]
[Site "Edmonton"]
[Date "2016.01.21"]
[Round "2.1"]
[White "Matras Clement, Agnieszka"]
[Black "Reeve, Jeff"]
[Result "1/2-1/2"]
[WhiteElo "2244"]
[BlackElo "2254"]
[PlyCount "58"]
[EventDate "2016.01.07"]
[EventType "k.o."]
[EventRounds "4"]
[EventCountry "CAN"]
[SourceTitle "EXT 2019"]
[Source "ChessBase"]
[SourceDate "2018.10.10"]
[SourceVersion "1"]
[SourceVersionDate "2018.10.10"]
[SourceQuality "1"]

1. e4 c5 2. Nf3 Nc6 3. d4 cxd4 4. Nxd4 Nf6 5. Nc3 e5 6. Ndb5 d6 7. Bg5 a6 8. Na3 b5 9. Nd5 Be7 10. Bxf6 Bxf6 11. c4 b4 12. Nc2 0-0 13. h4 a5 14. b3 Be6 15. g3 Bxd5 16. cxd5 Nd4 17. Bh3 a4 18. Nxd4 exd4 19. Rc1 Re8 20. Qd3 axb3 21. axb3 Qe7 22. Kd2 Ra2+ 23. Rc2 Rxc2+ 24. Qxc2 d3 25. Qxd3 Qxe4 26. Qxe4 Rxe4 27. Rd1 Bc3+ 28. Kd3 Rd4+ 29. Ke2 Rxd1 1/2-1/2

[Event "Edmonton-ch"]
[Site "Edmonton"]
[Date "2016.01.14"]
[Round "1.2"]
[White "Briones, Dante"]
[Black "Reeve, Jeff"]
[Result "1/2-1/2"]
[WhiteElo "1944"]
[BlackElo "2254"]
[PlyCount "123"]
[EventDate "2016.01.07"]
[EventType "k.o."]
[EventRounds "4"]
[EventCountry "CAN"]
[SourceTitle "EXT 2019"]
[Source "ChessBase"]
[SourceDate "2018.10.10"]
[SourceVersion "1"]
[SourceVersionDate "2018.10.10"]
[SourceQuality "1"]

1. e4 c5 2. Nf3 d6 3. d4 cxd4 4. Nxd4 Nf6 5. Nc3 g6 6. f4 Nc6 7. Be3 Bg7 8. Nxc6 bxc6 9. Be2 Qa5 10. Bf3 0-0 11. 0-0 Rb8 12. Rb1 Be6 13. a3 c5 14. Qe2 Bc8 15. Rfd1 Ba6 16. Qf2 Bc4 17. Kh1 Rfd8 18. Bd2 Qc7 19. b3 Ba6 20. Qe1 e6 21. Na4 Nd7 22. c4 Bb7 23. Ba5 Nb6 24. Qg3 Bc6 25. Nc3 Qb7 26. Qe1 f5 27. Nb5 fxe4 28. Nxd6 Rxd6 29. Rxd6 exf3 30. Qxe6+ Kh8 31. Rxc6 fxg2+ 32. Kxg2 Rc8 33. Rd1 Bd4 34. Rxd4 cxd4 35. Qf6+ Kg8 36. Qe6+ Kh8 37. Qf6+ Kg8 38. Qe6+ Kh8 39. Bxb6 Qxc6+ 40. Qxc6 Rxc6 41. Bxd4+ Kg8 42. Bxa7 Kf7 43. Kf3 Re6 44. Bc5 Ke8 45. b4 Kd7 46. h4 Re1 47. Bd4 Rb1 48. Ke4 Kd6 49. b5 Rb3 50. c5+ Kc7 51. Kd5 Rxb5 52. Ke6 Kc6 53. Kf7 Rb7+ 54. Kg8 h5 55. Bg7 Kxc5 56. Kh7 Rb6 57. Kh6 Kd5 58. Kg5 Ke4 59. Be5 Ra6 60. a4 Rxa4 61. Kxg6 Ra6+ 62. Kg5 1/2-1/2

[Event "Canadian op U2400"]
[Site "Montreal"]
[Date "2014.07.25"]
[Round "8"]
[White "Reeve, Jeff"]
[Black "Zhu, Hong Rui"]
[Result "1-0"]
[WhiteElo "2245"]
[BlackElo "2069"]
[PlyCount "58"]
[EventDate "2014.07.19"]
[EventType "swiss"]
[EventRounds "9"]
[EventCountry "CAN"]
[SourceTitle "EXT 2022"]
[Source "ChessBase"]
[SourceDate "2021.10.06"]
[SourceVersion "1"]
[SourceVersionDate "2021.10.06"]
[SourceQuality "1"]

1. e4 c5 2. Nf3 d6 3. d4 cxd4 4. Nxd4 Nf6 5. Nc3 g6 6. Be3 Bg7 7. f3 Nc6 8. Qd2 0-0 9. 0-0-0 d5 10. Kb1 Nxd4 11. e5 Nc6 12. exf6 exf6 13. Nxd5 b6 14. Bb5 Bb7 15. Rhe1 Ne5 16. f4 Ng4 17. Bg1 Bxd5 18. Qxd5 Qc7 19. h3 Nh6 20. Qd6 Rac8 21. Qxc7 Rxc7 22. g4 Kh8 23. Re2 f5 24. g5 Ng8 25. c4 Ne7 26. Rd7 Rxd7 27. Bxd7 Ng8 28. c5 bxc5 29. Bxc5 a6 1-0

[Event "Canadian op U2400"]
[Site "Montreal"]
[Date "2014.07.24"]
[Round "7"]
[White "Itkin, David"]
[Black "Reeve, Jeff"]
[Result "1/2-1/2"]
[WhiteElo "2096"]
[BlackElo "2245"]
[PlyCount "36"]
[EventDate "2014.07.19"]
[EventType "swiss"]
[EventRounds "9"]
[EventCountry "CAN"]
[SourceTitle "EXT 2022"]
[Source "ChessBase"]
[SourceDate "2021.10.06"]
[SourceVersion "1"]
[SourceVersionDate "2021.10.06"]
[SourceQuality "1"]

1. e4 c5 2. Nf3 d6 3. Nc3 Nc6 4. d4 cxd4 5. Nxd4 g6 6. Be3 Bg7 7. Bc4 Nf6 8. h3 0-0 9. Bb3 Bd7 10. 0-0 Rc8 11. f4 Qa5 12. Nd5 Nxd5 13. exd5 Nxd4 14. Bxd4 Bxd4+ 15. Qxd4 Qc5 16. Rad1 Bf5 17. c3 Be4 18. Rf2 Qxd4 1/2-1/2

[Event "Canadian op U2400"]
[Site "Montreal"]
[Date "2014.07.20"]
[Round "2"]
[White "Dehmel, Jens"]
[Black "Reeve, Jeff"]
[Result "1/2-1/2"]
[WhiteElo "2067"]
[BlackElo "2245"]
[PlyCount "82"]
[EventDate "2014.07.19"]
[EventType "swiss"]
[EventRounds "9"]
[EventCountry "CAN"]
[SourceTitle "EXT 2022"]
[Source "ChessBase"]
[SourceDate "2021.10.06"]
[SourceVersion "1"]
[SourceVersionDate "2021.10.06"]
[SourceQuality "1"]

1. d4 Nf6 2. c4 c5 3. Nf3 cxd4 4. Nxd4 e5 5. Nb5 d5 6. cxd5 Bc5 7. g3 0-0 8. N5c3 Qe7 9. Bg2 e4 10. 0-0 Bf5 11. Nd2 Nbd7 12. Nc4 Nb6 13. Nxb6 Bxb6 14. Bg5 Rfe8 15. Qb3 Qe5 16. Rad1 Nd7 17. Na4 Bg4 18. Bf4 Qh5 19. Nxb6 axb6 20. f3 exf3 21. exf3 Bh3 22. Rfe1 Bxg2 23. Kxg2 g5 24. g4 Qg6 25. Bg3 Nc5 26. Qc4 Qf6 27. Qb5 Rec8 28. Re2 h6 29. d6 Ne6 30. Qxb6 Rxa2 31. Qxb7 Rd8 32. Qe7 Qxe7 33. dxe7 Re8 34. Bd6 Ra7 35. b4 Rd7 36. Kg3 Rexe7 37. Bxe7 Rxd1 38. Bf6 Nf4 39. Rb2 Nd3 40. Re2 Nf4 41. Rb2 Nd3 1/2-1/2

[Event "Canadian op U2400"]
[Site "Montreal"]
[Date "2014.07.19"]
[Round "1"]
[White "Reeve, Jeff"]
[Black "Lopez Linares, Lizandro Fernando"]
[Result "1-0"]
[WhiteElo "2245"]
[BlackElo "2025"]
[PlyCount "89"]
[EventDate "2014.07.19"]
[EventType "swiss"]
[EventRounds "9"]
[EventCountry "CAN"]
[SourceTitle "EXT 2022"]
[Source "ChessBase"]
[SourceDate "2021.10.06"]
[SourceVersion "1"]
[SourceVersionDate "2021.10.06"]
[SourceQuality "1"]

1. e4 c6 2. d4 d5 3. Nc3 dxe4 4. Nxe4 Bf5 5. Ng3 Bg6 6. Nf3 Nd7 7. h4 h6 8. h5 Bh7 9. Bd3 Bxd3 10. Qxd3 Qc7 11. Bd2 Ngf6 12. 0-0-0 e6 13. Ne4 0-0-0 14. g3 Nc5 15. Nxc5 Bxc5 16. Qe2 Bxd4 17. Bf4 e5 18. Bxe5 Bxe5 19. Nxe5 Rhe8 20. f4 Qe7 21. Qe3 Ng4 22. Qxa7 Rxd1+ 23. Rxd1 Nxe5 24. Qa8+ Kc7 25. Qa5+ Kc8 26. fxe5 Qg5+ 27. Kb1 Rxe5 28. Qa8+ Kc7 29. Qf8 Qf6 30. a4 Rxh5 31. Qe8 Rd5 32. Re1 Rd7 33. a5 Qg5 34. a6 bxa6 35. Qa8 Qb5 36. Qa7+ Qb7 37. Qc5 f6 38. Re8 Qb5 39. Qa7+ Qb7 40. Qc5 h5 41. Qa5+ Kd6 42. Qd2+ Kc5 43. Qe3+ Kb5 44. c4+ Kb4 45. Re4 1-0

[Event "Edmonton-B 8th"]
[Site "Edmonton"]
[Date "2013.06.26"]
[Round "4"]
[White "Zill, Christoph"]
[Black "Reeve, Jeff"]
[Result "1-0"]
[WhiteElo "2214"]
[BlackElo "2326"]
[PlyCount "81"]
[EventDate "2013.06.23"]
[EventType "tourn"]
[EventRounds "5"]
[EventCountry "CAN"]
[SourceTitle "EXT 2014"]
[Source "ChessBase"]
[SourceDate "2013.11.20"]
[SourceVersion "1"]
[SourceVersionDate "2013.11.20"]
[SourceQuality "1"]

1. e4 c5 2. Nf3 d6 3. d4 cxd4 4. Nxd4 Nf6 5. Nc3 g6 6. Be2 Bg7 7. 0-0 0-0 8. Bg5 Nc6 9. Nb3 Be6 10. Kh1 a6 11. f4 b5 12. Bf3 Rc8 13. Nd5 Bxd5 14. exd5 Na5 15. Nd4 Re8 16. Re1 Qb6 17. c3 b4 18. Nc6 Nxc6 19. dxc6 bxc3 20. bxc3 Qc5 21. Rc1 e5 22. fxe5 dxe5 23. Bxf6 Bxf6 24. Qd5 Qf2 25. Rf1 Qh4 26. Bg4 Qxg4 27. Rxf6 Rc7 28. Rcf1 Ree7 29. h3 Qc8 30. Rd6 Kg7 31. Rd1 a5 32. a4 Qa6 33. Re1 f6 34. c4 h5 35. Rd7 Qb6 36. Rd1 Kh6 37. Qd2+ g5 38. Qd6 Rf7 39. c5 Qa7 40. Qe6 Kg6 41. Qxf7+ 1-0

[Event "Northern Alberta op"]
[Site "Edmonton"]
[Date "2013.02.17"]
[Round "4"]
[White "Wang, Richard"]
[Black "Reeve, Jeff"]
[Result "1/2-1/2"]
[WhiteElo "2476"]
[BlackElo "2314"]
[PlyCount "47"]
[EventDate "2013.02.16"]
[EventType "swiss"]
[EventRounds "5"]
[EventCountry "CAN"]
[SourceTitle "EXT 2014"]
[Source "ChessBase"]
[SourceDate "2013.11.20"]
[SourceVersion "1"]
[SourceVersionDate "2013.11.20"]
[SourceQuality "1"]

1. d4 Nf6 2. Nf3 g6 3. c4 Bg7 4. Nc3 0-0 5. e4 d6 6. h3 e5 7. d5 Nh5 8. Nh2 Qe8 9. g3 f5 10. exf5 gxf5 11. Be2 Nf6 12. g4 Na6 13. Rg1 Nc5 14. Be3 e4 15. Qd2 fxg4 16. 0-0-0 Bf5 17. Nxg4 Nxg4 18. Bxc5 dxc5 19. Bxg4 Qe5 20. Bxf5 Rxf5 21. Rg4 Raf8 22. Rdg1 R8f7 23. Rxe4 Qh2 24. Re8+ 1/2-1/2

[Event "CAN-ch op 49th"]
[Site "Victoria"]
[Date "2012.07.13"]
[Round "9"]
[White "Wang, Richard"]
[Black "Reeve, Jeff"]
[Result "1-0"]
[WhiteElo "2322"]
[BlackElo "2234"]
[PlyCount "100"]
[EventDate "2012.07.08"]
[EventType "swiss"]
[EventRounds "9"]
[EventCountry "CAN"]
[SourceTitle "CBM 149 Extra"]
[Source "ChessBase"]
[SourceDate "2012.08.24"]
[SourceVersion "1"]
[SourceVersionDate "2012.08.24"]
[SourceQuality "1"]

1. d4 Nf6 2. Nf3 c5 3. d5 b5 4. Bg5 Ne4 5. Bh4 Bb7 6. Qd3 f5 7. g4 Qa5+ 8. c3 e6 9. dxe6 dxe6 10. gxf5 exf5 11. Bg2 Nd7 12. Nfd2 c4 13. Qh3 Qb6 14. Qxf5 g6 15. Qh3 Nec5 16. Qe3+ Kf7 17. Nf3 h6 18. 0-0 Re8 19. Qd2 Bg7 20. b4 cxb3 21. axb3 Nf6 22. Qa2 Bxf3 23. Bxf3 Re7 24. b4+ Ne6 25. Nd2 g5 26. Bg3 Rd8 27. Rfd1 Red7 28. Qc2 Kg8 29. Be5 Nd5 30. Bxg7 Kxg7 31. Ne4 Nf6 32. Ng3 Rxd1+ 33. Rxd1 Rxd1+ 34. Qxd1 g4 35. Bg2 h5 36. e4 Qd8 37. Qc1 Qd3 38. e5 Nd5 39. Bxd5 Qxd5 40. Nxh5+ Kf7 41. Qe3 a6 42. Nf6 Qd1+ 43. Kg2 Ng5 44. Qf4 Qf3+ 45. Qxf3 gxf3+ 46. Kg3 Ke6 47. Kf4 Nf7 48. Ng4 Kd5 49. h4 Kc4 50. h5 Ng5 1-0

[Event "CAN-ch op 49th"]
[Site "Victoria"]
[Date "2012.07.10"]
[Round "5"]
[White "Kenney, Jason"]
[Black "Reeve, Jeff"]
[Result "1/2-1/2"]
[WhiteElo "2136"]
[BlackElo "2234"]
[PlyCount "88"]
[EventDate "2012.07.08"]
[EventType "swiss"]
[EventRounds "9"]
[EventCountry "CAN"]
[SourceTitle "CBM 149 Extra"]
[Source "ChessBase"]
[SourceDate "2012.08.24"]
[SourceVersion "1"]
[SourceVersionDate "2012.08.24"]
[SourceQuality "1"]

1. d4 Nf6 2. c4 c5 3. d5 b5 4. cxb5 a6 5. f3 e6 6. e4 exd5 7. e5 Qe7 8. Qe2 Ng8 9. Nc3 Bb7 10. Nh3 c4 11. Nf4 Qc5 12. Nfxd5 Bxd5 13. Be3 Qb4 14. a3 Qa5 15. Bd2 Be6 16. Nd5 Qd8 17. Qxc4 Be7 18. Nc7+ Kf8 19. Qe4 Qxc7 20. Rc1 Nc6 21. bxc6 d5 22. Qd4 h5 23. b4 Nh6 24. Bd3 g6 25. a4 Kg7 26. b5 axb5 27. axb5 Rhb8 28. 0-0 Nf5 29. Bxf5 Bxf5 30. g4 hxg4 31. fxg4 Be6 32. Rb1 Ra2 33. Rfc1 Rxd2 34. Qxd2 Qxe5 35. b6 Bg5 36. Re1 Qf6 37. Qf2 Qxf2+ 38. Kxf2 Bh4+ 39. Kf3 Bxe1 40. c7 Rb7 41. Rxe1 Bc8 42. Re8 Rxb6 43. Rxc8 Rc6 44. g5 Rc4 1/2-1/2